A structural account of mathematics (Record no. 221413)
[ view plain ]
| 000 -LEADER | |
|---|---|
| fixed length control field | 01125nam a2200301Ia 4500 |
| 082 04 - DEWEY DECIMAL CLASSIFICATION NUMBER | |
| Classification number | 511.201 |
| 100 1# - MAIN ENTRY--AUTHOR NAME | |
| Personal name | Chihara, Charles S., |
| 245 12 - TITLE STATEMENT | |
| Title | A structural account of mathematics |
| 260 ## - PUBLICATION, DISTRIBUTION, ETC. (IMPRINT) | |
| Place of publication | Oxford ; |
| -- | New York : |
| Name of publisher | Oxford University Press, |
| Year of publication | 2004. |
| 300 ## - PHYSICAL DESCRIPTION | |
| Number of Pages | xiv, 380 p. |
| 650 #0 - SUBJECT ADDED ENTRY--TOPICAL TERM | |
| Topical Term | Mathematics |
| Topical Term | Structuralism. |
| Topical Term | Constructive mathematics. |
| 856 40 - ELECTRONIC LOCATION AND ACCESS | |
| Uniform Resource Identifier | http://site.ebrary.com/lib/rucke/Doc?id=10194226 |
No items available.
